| 000 | 00530 a2200145 4500 | ||
|---|---|---|---|
| 020 | _a0824793609 (acid-free paper) | ||
| 082 | _a690.687 STU | ||
| 100 | _aStukhart, George. | ||
| 245 |
_aConstruction materials management / _cGeorge Stukhart ; with a contribution by David Kirby. |
||
| 260 |
_aNew York : _bM. Dekker, _cc1995. |
||
| 300 |
_axiv, 328 p. : _bill. ; _c24 cm. |
||
| 650 |
_aEngineering _xManagement. |
||
| 650 |
_aConstruction industry _xMaterials management. |
||
| 650 | _aMaterials management. | ||
| 830 | 0 | _aCost engineering (Marcel Dekker, Inc.) ; | |
| 999 |
_c1800 _d1800 |
||